Ojeada crítica sobre la poesía en Chile: 1840, 1912

Uloženo v:
Podrobná bibliografie
Hlavní autor: Polanco Casanova, Rodolfo (Autor)
Médium: Kniha
Jazyk:španělština
Vydáno: Santiago Imprenta i Encuadernación Barcelona 1913
Vydání:1a. ed
Témata:
Tagy: Přidat tag
Žádné tagy, Buďte první, kdo vytvoří štítek k tomuto záznamu!

MARC

LEADER 00000nam a2200000 a 4500
001 UCJ3728
003 CL-VaPUC
008 070124e19130000CL |||||||||||||||||spa|d
082 0 4 |a Ch861  |b POL  |2 21 
100 0 |a Polanco Casanova, Rodolfo  |e author  |9 506017 
245 1 0 |a Ojeada crítica sobre la poesía en Chile: 1840, 1912 
250 |a 1a. ed 
300 |a 71 p 
942 |c BK 
945 |d 20070124 00:00:00  |a rinostro 
260 |a Santiago  |b Imprenta i Encuadernación Barcelona  |c 1913 
650 0 |a Poesía chilena   |9 268403 
650 0 |a Crítica literaria   |9 269189 
650 0 |a Poetisas chilenas   |9 506018 
583 |a last modification  |c 20070124 00:00:00  |k Rodrigo Vera 
999 |c 319850  |d 319848 
952 |0 0  |1 0  |4 0  |6 CH_861_000000000000000_POL_1913  |7 0  |8 X  |9 398246  |a FDOBUD  |b FDOBUD  |d 2019-11-22  |i 1007548  |o Ch861 POL 1913  |p 1007548  |r 2019-11-22  |w 2019-11-22  |y BK_X  |k BUD